Фасады, поэтажные планы Рязанского дома трудолюбия, проекты расположения комнат. Архитектор С.А. Щеткин

Доступно только в Электронных читальных залах Найти на картеНа карте
RUSMARC
00003624nmc2a2200000 x 450
0013c09756a-9164-477b-862e-b59f2a17bd04
00520160107134530.0
100##$a20150129l18641905k l0rusy0189 ca
1010#$arus
102##$aRU
2001#$aФасады, поэтажные планы Рязанского дома трудолюбия, проекты расположения комнат. Архитектор С.А. Щеткин
$j1864 г., 1905 г.
251##$cДело
105##$aе###
801#0$aRU
$bРГИА
$c20150129
$gRCR
801#1$aRU
$bГлавНИВЦ
$c20150129
$2rusmarc
801#2$aRU
$bПБ им. Б.Н. Ельцина
$c20160107
$gRCR
$2rusmarc
850##$aРГИА
852##$aРГИА
$eФедеральное казенное учреждение "Российский государственный исторический архив" (РГИА)
$j124
937##$hРГИА
$d12099791
$aASBIBLIO_SCAN
462#0$10016aed5496-ab35-4342-97f8-2fa2d24120f7
$12001
$aПланы и чертежи зданий Ведомства учреждений императрицы Марии
$1251
$cОпись
$1852
$j82
461#0$1001fd239d76-f3be-4e65-bf12-40524fd81eef
$12001
$aСобственная его императорского величества канцелярия по учреждениям императрицы Марии
$1251
$cФонд
$1852
$j759
215##$a5 л.
$cплан.
$d36,5х26 см
371##$aДокумент не является опубликованным и широко распространяемым
1222#$ad
300##$aЧасть планов без подписи. Акварель и тушь
035##$a3c09756a-9164-477b-862e-b59f2a17bd04
Формат отображения